Discours et plaidoyers politiques de M. Gambetta / (Record no. 54869)

MARC details
000 -LEADER
campo de control de longitud fija 00731nam a22002175i 4500
001 - NÚMERO DE CONTROL
campo de control 54869
003 - IDENTIFICADOR DE NÚMERO DE CONTROL
campo de control ES-MaACL
005 - FECHA Y HORA DE LA ÚLTIMA TRANSACCIÓN
campo de control 20250809090346.0
007 - CAMPO FIJO DE DESCRIPCIÓN FÍSICA--INFORMACIÓN GENERAL
campo de control de longitud fija t|
008 - DATOS DE LONGITUD FIJA--INFORMACIÓN GENERAL
campo de control de longitud fija 960726m18811884fr ||||1| fre d
100 1# - ENTRADA PRINCIPAL--NOMBRE DE PERSONA
Nombre de persona Gambetta, Leon.
9 (RLIN) 53756
245 10 - MENCIÓN DEL TÍTULO
Título Discours et plaidoyers politiques de M. Gambetta /
Mención de responsabilidad, etc. publiés par M. Joseph Reinach.
250 ## - MENCION DE EDICION
Mención de edición Ed. complète.
260 ## - PUBLICACIÓN, DISTRIBUCIÓN, ETC.
Lugar de publicación, distribución, etc. Paris :
Nombre del editor, distribuidor, etc. G. Charpentier,
Fecha de publicación, distribución, etc. 1881-1884 (
Fabricante Typ. Georges Chamerot)
300 ## - DESCRIPCIÓN FÍSICA
Extensión 10 v. ;
Dimensiones 22 cm.
651 #4 - PUNTO DE ACCESO ADICIONAL DE MATERIA--NOMBRE GEOGRÁFICO
Nombre geográfico Francia-
Subdivisión general Política y gobierno-
Subdivisión cronológica 1870-1940.
9 (RLIN) 162878
651 #4 - PUNTO DE ACCESO ADICIONAL DE MATERIA--NOMBRE GEOGRÁFICO
Nombre geográfico Francia-
Subdivisión general Historia-
Subdivisión cronológica 1870-1940, III República
9 (RLIN) 8697
700 1# - ENTRADA AGREGADA--NOMBRE PERSONAL
Nombre de persona Reinach, Joseph.
9 (RLIN) 96038
852 ## - LOCALIZACIÓN
Ubicación ES-MaACL
Número de control de estantería F-11092-101
Holdings
Estatus retirado Estado de pérdida Estado de daño No para préstamo Colección Biblioteca de origen Biblioteca actual Ubicación en estantería Fecha de adquisición Fuente de adquisición Total de préstamos Signatura topográfica completa Código de barras Visto por última vez Precio de reemplazo Tipo de ítem Koha
        Libros del s. XIX Biblioteca del Ateneo de Madrid Biblioteca del Ateneo de Madrid Sala Pecera Planta 2 17/01/2008     F-11092-101 1057658 23/02/2023 23/02/2023 Libro impreso antiguo